000
00249 a2200109 4500
003
Nust
005
20170207154224.0
040
_c
Nust
082
_a
371.33
245
_a
Yousaf Islam Interview (VHS-323)
440
_a
Yousaf Islam Interview (VHS-323)
538
_a
Duration Mins 148
999
_c
195494
_d
195494